000 02953cam a2200325 4500500
005 20260111145844.0
041 _afre
042 _adc
100 1 0 _aPouchelle, Marie-Christine
_eauthor
245 0 0 _aFermeture d'hôpitaux, quelles clefs ?
260 _c2005.
500 _a37
520 _aRésuméLes hôpitaux font traditionnellement corps, corps peut-être d’autant plus clos sur eux-mêmes qu’en ce qui concerne celui des patients les gestes thérapeutiques les plus invasifs y ont été pendant très longtemps et jusqu’à tout récemment les plus valorisés. Est tentée ici une phénoménologie de l’emprise territoriale et du contrôle de l’espace (ouvrir/fermer) dans des lieux où, au plan de l’imaginaire, corps biologique, corps professionnel et corps architectural interfèrent puissamment les uns avec les autres. Explorer quelques-unes des connotations ambivalentes attachées aux nœuds, aux clefs, aux portes, aux pratiques de fermeture et de verrouillage, c’est déboucher sur l’angoisse de mort contre laquelle bataillent les professionnels et se bâtissent bien souvent les nouveaux hôpitaux.
520 _aHospitals traditionally form a joint body, and are all the more turned in on themselves as they valued since long and untill recently most invasive therapeutical gestures regarding patients’ bodies. We propose here a phenomenology of territorial grasping and space control (opening/closure) in places where the biological, professional and architectural bodies strongly interfer with each other on the imaginary level. Exploring some of the ambivalent connotations linked to knots, keys, doors, closing and locking practices leads to the anguish of death that professionals and new hospitals builders try to prevent.
520 _aZusammenfassungKrankenhäuser bilden einen Körper, der um so mehr auf sich geschlossen ist, als er lange und bis vor kurzem die invasivsten therapeutischen Gesten auf den Patientenkörpern hoch gewertet hat. Wir schlagen hier eine Phänomenologie des territorialen Einflusses und der Raumskontrolle (öffnen/schliessen) in Örter vor, wo sich die biologischen, beruflichen und architektonischen Körper imaginär stark überschneiden. Das Studium einiger ambivalenten Konnotationen, die mit Knoten, Schlüsseln, Türen, Schliessungs- und Verriegelungspraktiken verbunden sind, führt zum Todesangst, den die Professionellen und die neuen Krankenhausbauer beseitigen wollen.
690 _acorps
690 _afermeture
690 _ahôpital
690 _aouverture
690 _apouvoir
690 _aterritoire
690 _abody
690 _aclosure
690 _ahospital
690 _aopening
690 _apower
690 _aterritory
786 0 _nEthnologie française | 35 | 4 | 2005-12-01 | p. 593-603 | 0046-2616
856 4 1 _uhttps://shs.cairn.info/revue-ethnologie-francaise-2005-4-page-593?lang=fr&redirect-ssocas=7080
999 _c1636568
_d1636568